| 000 | 005060000a22001690004500 | ||
|---|---|---|---|
| 090 |
_aAR _b00250 |
||
| 245 | 1 | 0 | _aÜber falsche korallennattern auf Trinidad und Tobago |
| 650 | 1 | 4 |
_aHerpetofauna _94239 |
| 650 | 1 | 4 |
_aSerpientes _993033 |
| 650 | 1 | 4 |
_aDistribución geográfica _992997 |
| 651 | 4 |
_pTrinidad y Tobago _992749 |
|
| 653 |
_gErytholamprus _eErytholamprus aesculapii |
||
| 041 | 0 | _aAlemán | |
| 100 | 1 |
_aMertens, Robert _993053 |
|
| 942 | _cARTICULO | ||
| 773 | 1 |
_tSalamandra _388 _h3-4 _q161-163 _d1973 _g9 |
|
| 999 |
_c9350 _d9350 |
||